000
00259nam a22001217a 4500
008
170920b xxu||||| |||| 00| 0 eng d
041
_a
eng
080
_a
7
100
_a
44
101
_a
ART
245
_a
AMERICAN ART AT AMHERST
_c
TRAPP. F
942
_2
udc
_c
BK
999
_c
28401
_d
28401